Loga krajów Mistrzostw Świata 2026 - Statystyki

Ogólne statystyki
  • Ten quiz został rozwiązany 163 razy
    160 od ostatniego zresetowania
  • Średni wynik to 29 z 42
Statystyki odpowiedzi
Obrazkowy Odpowiedź % Poprawnych
Anglia
99%
Brazylia
97%
Francja
94%
Holandia
91%
Stany Zjednoczone
89%
Chorwacja
88%
Austria
87%
Niemcy
87%
Norwegia
87%
Belgia
86%
Katar
86%
Portugalia
85%
Hiszpania
84%
Kanada
81%
Argentyna
80%
Iran
80%
Panama
79%
Ghana
76%
Kolumbia
76%
Szkocja
76%
Tunezja
75%
Maroko
73%
Urugwaj
73%
Japonia
72%
Australia
71%
Meksyk
71%
Wybrzeże Kości Słoniowej
69%
Algieria
68%
Nowa Zelandia
67%
Senegal
66%
Arabia Saudyjska
55%
Korea Południowa
54%
Ekwador
53%
Jordania
50%
Egipt
48%
Szwajcaria
47%
Paragwaj
43%
Haiti
41%
Curaçao
40%
Republika Zielonego Przylądka
33%
Uzbekistan
22%
Republika Południowej Afryki
19%
Nie znaleziono quizów pasujących do podanych kryteriów
Rozkład punktacji
Procent ludzi z każdym wynikiem
Percentyl według liczby udzielonych odpowiedzi
Twoja historia wyników
Nie rozwiązałeś tego quizu od ostatniego zresetowania